[Event "COL pre olympic sf2"]
[Site "Palmira"]
[Date "2019.06.02"]
[Round "8"]
[White "Ramirez Ramirez, Carlos Alexander"]
[Black "Cardoso Cardoso, Jaidy Marcela"]
[Result "0-1"]
[WhiteElo "1616"]
[BlackElo "1821"]
[PlyCount "40"]
[EventDate "2019.05.29"]
[EventType "swiss"]
[EventRounds "10"]
[EventCountry "COL"]
[SourceTitle "CBM 190 Extra"]
[Source "ChessBase"]
[SourceDate "2019.07.15"]
[SourceVersion "1"]
[SourceVersionDate "2019.07.15"]
[SourceQuality "1"]

1. e4 c5 2. g4 Nc6 3. Bg2 g6 4. Nc3 Bg7 5. Nf3 Nf6 6. h3 d6 7. d3 a6 8. Bg5 h5 9. gxh5 Rxh5 10. Qd2 Be6 11. 0-0-0 Qa5 12. a3 b5 13. Ne2 b4 14. h4 Nxe4 15. dxe4 Bxb2+ 16. Kb1 Ba2+ 17. Kxb2 Qxa3+ 18. Ka1 Bb3+ 19. Kb1 Qa2+ 20. Kc1 Qa1# 0-1